Statistics for EVERY Survivor Contestant 1-45

Click here to take the quiz!

General Stats

  • This quiz has been taken 322 times
    (244 since last reset)
  • The average score is 599 of 821

Answer Stats

SeasonName% Correct
45J. Maya
99%
All-Stars | Heroes vs. Villains | Marquesas | +2 othersRob
99%
Guatemala | PalauBobby Jon
97%
ChinaJean-Robert
97%
Blood vs. Water | David vs. Goliath | Marquesas | +4 othersJohn
97%
San Juan del SurJon
97%
42 | Cook Islands | Micronesia | +2 othersJonathan
97%
Micronesia | Pearl IslandsJonny
97%
Cook Islands | Heroes vs. Healers vs. HustlersJ.P.
97%
Game Changers | Heroes vs. Villains | TocantisJ.T.
97%
The Australian OutbackKel
97%
Island of the IdolsKellee
97%
Cambodia | Edge of Extinction | San Juan del SurKelley
97%
45Kellie
97%
Africa | Borneo | Cambodia | +4 othersKelly
97%
Ghost IslandKellyn
97%
All-Stars | The AmazonRob
97%
ThailandRobb
97%
MarquesasRobert
97%
Game Changers | Heroes vs. Villains | Pearl Islands | Winners at WarSandra
97%
ChinaFrosti
96%
Caramoan | Ghost Island | One World | +2 othersMichael
96%
42 | David vs. Goliath | Heroes vs. Healers vs. Hustlers | +3 othersMike
96%
MicronesiaMikey B.
96%
45Brando
94%
Africa | One World | Palau | Winners at WarKim
94%
Cambodia | The Australian OutbackKimmi
94%
The Australian OutbackMitchell
94%
David vs. GoliathNatalia
94%
David vs. Goliath | Micronesia | Redemption Island | +3 othersNatalie
94%
Cook IslandsNate
94%
Gabon | Heroes vs. VillainsSugar
94%
NicaraguaTyrone
94%
Edge of ExtinctionWardog
94%
David vs. Goliath | Gabon | Island of the Idols | +3 othersDan
93%
PhilippinesDana
93%
42 | The AmazonDaniel
93%
Heroes vs. Villains | PanamaDanielle
93%
Guatemala | Winners at WarDanni
93%
41 | 44Danny
93%
GabonG.C.
93%
43 | China | Ghost Island | +3 othersJames
93%
GuatemalaJamie
93%
Guatemala | South PacificJim
93%
NicaraguaJimmy
93%
NicaraguaJimmy T.
93%
Blood vs. Water | One WorldKat
93%
All-Stars | Marquesas | MicronesiaKathy
93%
Heroes vs. Healers vs. HustlersKatrina
93%
All-Stars | BorneoRichard
93%
Worlds ApartSo
93%
Africa | All-Stars | Heroes vs. Villains | +2 othersTom
93%
Island of the IdolsTommy
93%
Cagayan | Game Changers | Winners at WarTony
93%
Worlds ApartTyler
93%
Blood vs. Water | Heroes vs. Villains | Tocantis | Winners at WarTyson
93%
Heroes vs. Villains | South Pacific | TocantisCoach
92%
41 | Edge of ExtinctionEric
92%
Caramoan | China | Micronesia | SamoaErik
92%
Africa | All-Stars | Winners at WarEthan
92%
41Sara
92%
44 | Cagayan | Game Changers | +3 othersSarah
92%
All-Stars | Blood vs. Water | Panama | The Australian OutbackTina
92%
FijiBoo
90%
44 | 45 | Africa | +3 othersBrandon
90%
Ghost Island | TocantisBrendan
90%
Game Changers | Heroes vs. Villains | Micronesia | PanamaCirie
90%
NicaraguaFabio
90%
Cook Islands | Heroes vs. Villains | Micronesia | Winners at WarParvati
90%
All-Stars | The Australian Outback | Winners at WarAmber
89%
ChinaChicken
89%
Edge of Extinction | Ghost Island | Millennials vs. Gen X | VanuatuChris
89%
43Elie
89%
The Australian OutbackElisabeth
89%
Micronesia | VanuatuEliza
89%
David vs. Goliath | Island of the IdolsElizabeth
89%
Palau | Worlds ApartJenn
89%
All-Stars | Borneo | Ghost Island | The AmazonJenna
89%
Kaôh RōngJennifer
89%
42 | Cook IslandsJenny
89%
Gabon | Millennials vs. Gen X | ThailandKen
89%
Kaôh Rōng | SamoaLiz
89%
Heroes vs. Villains | Philippines | Redemption Island | SamoaRussell
89%
Cagayan | TocantisSpencer
89%
CambodiaSPENCER
89%
Cook Islands | Winners at WarYul
89%
Heroes vs. Healers vs. HustlersAli
88%
CaramoanAllie
88%
45 | PanamaAustin
88%
GabonBob
88%
PanamaBobby
88%
42Hai
88%
Cambodia | Edge of Extinction | Heroes vs. Healers vs. Hustlers | +3 othersJoe
88%
45 | Edge of Extinction | Redemption Island | +2 othersJulie
88%
Africa | All-StarsLex
88%
Game Changers | Millennials vs. Gen XMichaela
88%
South PacificMikayle
88%
David vs. Goliath | Kaôh Rōng | Panama | +2 othersNick
88%
Pearl IslandsOsten
88%
CambodiaStephen
88%
Redemption IslandSteve
88%
41Xander
88%
China | Heroes vs. Villains | MicronesiaAmanda
86%
PalauAngie
86%
NicaraguaBenry
86%
Guatemala | ThailandBrian
86%
PalauCoby
86%
All-Stars | Heroes vs. Villains | The Australian OutbackColby
86%
Ghost IslandGonzalez
86%
Cook IslandsJessica
86%
Millennials vs. Gen XMari
86%
MicronesiaMary
86%
44 | Caramoan | One World | +2 othersMatt
86%
44Matthew
86%
GabonMatty
86%
Cook Islands | Guatemala | Heroes vs. Villains | +2 othersSteph
86%
Ghost Island | Redemption IslandStephanie
86%
TocantisStephen
86%
All-Stars | BorneoSusan
86%
GabonSusie
86%
Cook Islands | Millennials vs. Gen X | Winners at WarAdam
85%
Heroes vs. Healers vs. Hustlers | Samoa | Winners at WarBen
85%
FijiCassandra
85%
43Cassidy
85%
Ghost IslandJacob
85%
45 | ThailandJake
85%
Cambodia | Game Changers | Palau | +2 othersJeff
85%
CagayanJeremiah
85%
Cambodia | David vs. Goliath | San Juan del Sur | Winners at WarJeremy
85%
All-Stars | Heroes vs. Villains | The Australian OutbackJerri
85%
TocantisJerry
85%
43Jesse
85%
David vs. Goliath | Fiji | Heroes vs. Healers vs. Hustlers | Millennials vs. Gen XJessica
85%
AfricaJessie
85%
Cagayan | CambodiaKass
85%
Kaôh Rōng | Winners at WarMichele
85%
Fiji | Gabon | Millennials vs. Gen X | Pearl IslandsMichelle
85%
Cook Islands | Game Changers | Micronesia | South PacificOzzy
85%
45 | Borneo | MarquesasSean
85%
Pearl IslandsShawn
85%
TocantisCarolina
83%
44 | Worlds ApartCarolyn
83%
Cambodia | Edge of Extinction | San Juan del Sur | +2 othersKeith
83%
Cagayan | CambodiaWoo
83%
David vs. Goliath | San Juan del SurAlec
82%
Fiji | The AmazonAlex
82%
Blood vs. Water | Cambodia | Game ChangersCiera
82%
China | Heroes vs. Villains | PanamaCourtney
82%
Caramoan | South PacificDawn
82%
Ghost IslandDonathan
82%
42Drea
82%
FijiDreamz
82%
Blood vs. Water | BorneoGervase
82%
One WorldKourtney
82%
Game Changers | Tocantis | Worlds ApartSierra
82%
Game Changers | Kaôh RōngTai
82%
ChinaTodd
82%
Blood vs. Water | PanamaAras
81%
Blood vs. Water | Game Changers | Kaôh RōngCaleb
81%
VanuatuChad
81%
Caramoan | South PacificCochran
81%
China | Samoa | The AmazonDave
81%
41 | Cagayan | Edge of Extinction | +2 othersDavid
81%
David vs. GoliathDavie
81%
45Dee
81%
China | Philippines | Winners at WarDenise
81%
45Kaleb
81%
Caramoan | Game Changers | PhilippinesMalcolm
81%
43Morriah
81%
42Marya
79%
42Maryanne
79%
All-Stars | Blood vs. Water | Heroes vs. Villains | Pearl IslandsRupert
79%
South Pacific | Winners at WarSophie
79%
Cagayan | CambodiaTasha
79%
MarquesasVecepia
79%
Ghost Island | Winners at WarWendell
79%
Edge of Extinction | Game Changers | Kaôh RōngAubry
78%
One WorldBill
78%
Cook IslandsBilly
78%
The AmazonChristy
78%
FijiErica
78%
41Erika
78%
44 | The AmazonHeidi
78%
ThailandJan
78%
Caramoan | Redemption IslandPhillip
78%
Edge of ExtinctionRick
78%
All-Stars | BorneoRudy
78%
SamoaShambo
78%
Millennials vs. Gen X | Worlds ApartWill
78%
PalauWillard
78%
China | Island of the IdolsAaron
76%
Kaôh RōngAlecia
76%
41 | Blood vs. Water | Cook IslandsBrad
76%
Caramoan | NicaraguaBrenda
76%
44 | 45 | PanamaBruce
76%
Africa | David vs. GoliathCarl
76%
Game ChangersCulpepper
76%
ThailandErin
76%
TocantisErinn
76%
45 | Millennials vs. Gen XHannah
76%
44Yam Yam
76%
All-Stars | One World | The Australian OutbackAlicia
75%
TocantisCandace
75%
Blood vs. Water | Cook Islands | Heroes vs. VillainsCandice
75%
The Australian OutbackDebb
75%
Game Changers | Kaôh Rōng | TocantisDebbie
75%
SamoaJaison
75%
Island of the Idols | MicronesiaJason
75%
42 | 43Lindsay
75%
Africa | Cagayan | Worlds ApartLindsey
75%
David vs. GoliathPat
75%
MarquesasPatricia
75%
Cagayan | Pearl IslandsTrish
75%
BorneoB.B.
74%
45 | San Juan del SurDrew
74%
CagayanJ'Tia
74%
Philippines | VanuatuLisa
74%
FijiLisi
74%
Cambodia | Pearl IslandsAndrew
72%
San Juan del SurBaylor
72%
GuatemalaCindy
72%
Kaôh RōngCydney
72%
Ghost IslandDomenick
72%
43Gabler
72%
Blood vs. Water | Palau | PhilippinesKatie
72%
Blood vs. Water | Caramoan | SamoaLaura
72%
44 | Edge of Extinction | Heroes vs. Healers vs. Hustlers | Island of the IdolsLauren
72%
Blood vs. Water | Cambodia | One World | SamoaMonica
72%
43 | Heroes vs. Healers vs. Hustlers | Pearl Islands | The AmazonRyan
72%
41Shan
72%
NicaraguaShannon
72%
41 | TocantisSydney
72%
Cambodia | PanamaTerry
72%
Fiji | MicronesiaYau-Man
72%
Cambodia | PhilippinesAbi
71%
Caramoan | Game Changers | Redemption IslandAndrea
71%
PalauAshlee
71%
China | Heroes vs. Healers vs. Hustlers | Redemption Island | SamoaAshley
71%
Cook IslandsBecky
71%
David vs. GoliathBi
71%
FijiEarl
71%
Millennials vs. Gen X | One WorldJay
71%
Island of the Idols | San Juan del SurMissy
71%
Cook IslandsRebecca
71%
Game Changers | One WorldTroyzan
71%
Blood vs. Water | One WorldColton
69%
Blood vs. Water | CambodiaVytas
69%
45Emily
68%
FijiLiliana
68%
Pearl IslandsLill
68%
Cambodia | ChinaPeih-Gee
68%
Gabon | Heroes vs. VillainsRandy
68%
NicaraguaSash
68%
TocantisTaj
68%
Cagayan | MicronesiaAlexis
67%
Micronesia | VanuatuAmi
67%
GuatemalaAmy
67%
Caramoan | GabonCorinne
67%
41Genie
67%
San Juan del SurJaclyn
67%
44 | San Juan del SurJosh
67%
VanuatuLeann
67%
One WorldTarzan
67%
41Deshawn
65%
CagayanGarrett
65%
BorneoGreg
65%
PalauGregg
65%
PalauIan
65%
44 | ChinaJaime
65%
CagayanJefra
65%
CagayanL.J.
65%
NicaraguaNaOnka
65%
South PacificRick
65%
44Carson
64%
NicaraguaChase
64%
One WorldChristina
64%
Cook IslandsCristina
64%
Redemption IslandKristina
64%
David vs. GoliathAngelina
63%
44Claire
63%
Caramoan | Redemption IslandFrancesca
63%
NicaraguaJane
63%
45Katurah
63%
MarquesasNeleh
63%
San Juan del SurReed
63%
One WorldSabrina
63%
VanuatuScout
63%
BorneoSonja
63%
BorneoColleen
61%
San Juan del SurDale
61%
Island of the IdolsDean
61%
Heroes vs. Healers vs. HustlersDevon
61%
44 | ThailandHelen
61%
Cagayan | Ghost Island | GuatemalaMorgan
61%
MarquesasPaschal
61%
South PacificAlbert
60%
Millennials vs. Gen XBret
60%
SamoaBrett
60%
CagayanBrice
60%
Ghost Island | Island of the Idols | One WorldChelsea
60%
Game Changers | Worlds ApartHali
60%
GuatemalaJudd
60%
Ghost IslandLaurel
60%
SamoaMick
60%
San Juan del SurNadiya
60%
41Ricard
60%
Cook IslandsSundra
60%
San Juan del SurWes
60%
Heroes vs. Healers vs. HustlersChrissy
58%
Pearl IslandsChrista
58%
CaramoanEddie
58%
Edge of ExtinctionGavin
58%
45Kendra
58%
Redemption IslandKrista
58%
42 | GuatemalaLydia
58%
43Owen
58%
Heroes vs. Healers vs. HustlersPatrick
58%
The Australian OutbackRodger
58%
Worlds ApartRodney
58%
The AmazonRoger
58%
All-Stars | ThailandShii Ann
58%
Game Changers | Millennials vs. Gen XZeke
58%
ThailandClay
57%
GabonCrystal
57%
41Heather
57%
43Sami
57%
VanuatuSarge
57%
Kaôh RōngScot
57%
45Sifu
57%
Borneo | South PacificStacey
57%
FijiStacy
57%
VanuatuTwila
57%
San Juan del SurVal
57%
PhilippinesAngie
56%
PhilippinesCarter
56%
Island of the IdolsJack
56%
42Jackson
56%
Borneo | MicronesiaJoel
56%
Caramoan | Edge of Extinction | Kaôh RōngJulia
56%
PhilippinesPete
56%
Kaôh Rōng | MarquesasPeter
56%
CaramoanSherri
56%
Cambodia | Worlds ApartShirin
56%
Pearl IslandsBurton
54%
GabonGillian
54%
BorneoGretchen
54%
NicaraguaJill
54%
PanamaShane
54%
PalauCaryn
53%
CagayanCliff
53%
BorneoDirk
53%
NicaraguaHolly
53%
41Liana
53%
GuatemalaRafe
53%
AfricaTeresa
53%
GabonCharlie
51%
The Australian OutbackMad Dog
51%
GabonMarcus
51%
42Romeo
51%
Millennials vs. Gen XSunday
51%
Ghost IslandAngela
50%
Millennials vs. Gen XCeCe
50%
MicronesiaChet
50%
AfricaClarence
50%
43Cody
50%
Fiji | GuatemalaGary
50%
PalauIbrehem
50%
David vs. GoliathKara
50%
NicaraguaMarty
50%
Redemption IslandRalph
50%
PhilippinesR.C.
50%
CaramoanReynold
50%
42Tori
50%
PalauWanda
50%
Blood vs. Water | Millennials vs. Gen XRachel
49%
Edge of ExtinctionWendy
49%
NicaraguaWendy Jo
49%
42Zach
49%
David vs. GoliathChristian
47%
Pearl IslandsDarrah
47%
41Evvie
47%
Blood vs. WaterHayden
47%
One WorldLeif
47%
SamoaMarisa
47%
Blood vs. WaterMarissa
47%
41Naseer
47%
Pearl IslandsNicole
47%
Island of the IdolsNoura
47%
Edge of ExtinctionRon
47%
Island of the IdolsRonnie
47%
45Sabiyah
47%
41Tiffany
47%
David vs. GoliathAlison
46%
Kaôh RōngAnna
46%
Cook IslandsCao Boi
46%
Heroes vs. Healers vs. HustlersCole
46%
South PacificEdna
46%
Redemption IslandGrant
46%
GabonJacquie
46%
Island of the Idols | The AmazonJanet
46%
PalauJanu
46%
43Karla
46%
AfricaLinda
46%
42Omar
46%
BorneoRamona
46%
TocantisSandy
46%
MicronesiaTracy
46%
South PacificWhitney
46%
PhilippinesZane
46%
GabonAce
44%
AfricaFrank
44%
44Frannie
44%
41J.D.
44%
ChinaLeslie
44%
Worlds ApartMax
44%
One World | Worlds ApartNina
44%
43Noelle
44%
Millennials vs. Gen XPaul
44%
Cook IslandsSekou
44%
AfricaSilas
44%
Heroes vs. Healers vs. HustlersAlan
43%
Edge of ExtinctionAurora
43%
Cook IslandsCecilia
43%
Heroes vs. Healers vs. HustlersDesi
43%
Ghost IslandDesiree
43%
AfricaDiane
43%
David vs. GoliathGabby
43%
Worlds ApartJoaquin
43%
PalauJolanda
43%
PanamaMisty
43%
South PacificPapa Bear
43%
Edge of ExtinctionReem
43%
42Rocksroy
43%
PhilippinesRoxy
43%
Pearl IslandsTijuana
43%
FijiAnthony
42%
PhilippinesArtis
42%
42Chanelle
42%
South PacificChristine
42%
Kaôh RōngDarnell
42%
VanuatuDolly
42%
Island of the IdolsElaine
42%
South PacificElyse
42%
PanamaSally
42%
CaramoanShamar
42%
NicaraguaAlina
40%
FijiEdgardo
40%
43Geo
40%
ThailandGhandia
40%
MarquesasGina
40%
CaramoanHope
40%
43Jeanine
40%
One WorldJonas
40%
PanamaMelinda
40%
FijiMookie
40%
Kaôh RōngNeal
40%
ChinaSherea
40%
42Swati
40%
Millennials vs. Gen XTaylor
40%
Island of the Idols | Worlds ApartVince
40%
MarquesasZoe
40%
VanuatuBrook
39%
GuatemalaBrooke
39%
MarquesasGabriel
39%
MarquesasHunter
39%
Island of the IdolsKarishma
39%
44Maddy
39%
VanuatuMia
39%
GabonPaloma
39%
PanamaRuth
39%
Ghost IslandSebastian
39%
South PacificSemhar
39%
MarquesasTammy
39%
Edge of ExtinctionVictoria
39%
NicaraguaYve
39%
GuatemalaBrianna
38%
43Dwight
38%
Millennials vs. Gen XFiggy
38%
Kaôh RōngKyle
38%
Millennials vs. Gen XLucy
38%
FijiRita
38%
FijiRocky
38%
VanuatuRory
38%
Redemption IslandSarita
38%
ThailandTed
38%
GuatemalaBlake
36%
The AmazonButch
36%
David vs. GoliathLyrsa
36%
GuatemalaMargaret
36%
FijiSylvia
36%
VanuatuBubba
35%
The AmazonDeena
35%
The AmazonJoAnna
35%
43Justine
35%
SamoaBetsy
33%
44Kane
33%
SamoaYasmin
33%
VanuatuBrady
32%
ThailandJed
32%
Island of the IdolsMolly
32%
Heroes vs. Healers vs. HustlersRoark
32%
The AmazonShawna
32%
Heroes vs. Healers vs. HustlersSimone
32%
Ghost IslandBradley
31%
43Nneka
31%
Island of the IdolsJamal
29%
Ghost IslandLibby
29%
ThailandPenny
29%
ThailandTanya
28%
The AmazonJeanne
26%

Score Distribution

Percentile by Number Answered

Percent of People with Each Score

Your Score History

You have not taken this quiz since the last reset